Ayn Soukhna II : (Record no. 63182)
[ view plain ]
| 000 -الفاتح | |
|---|---|
| حقل البيانات ثابتة الطول | 01587cam a2200409 i 4500 |
| 005 - وقت وتاريخ اخر تعامل مع التسجيلة | |
| رقم الضبط | 20240530110627.0 |
| 008 - عناصر البيانات ثابتة الطول - معلومات عامة | |
| حقل البيانات ثابتة الطول | 120403s2011 ua ab b 000 0 fre c |
| 020 ## - الرقم الدولى المعيارى للكتب | |
| الرقم الدولى المعيارى للكتاب | 9782724705850 |
| 035 ## - رقم ضبط النظام | |
| رقم ضبط النظام | (OCoLC)ocn768165935 |
| 040 ## - مصدر الفهرسة | |
| وكالة النسخ | EG-CaGPL |
| وكالة الفهرسة الأصلية | EG-CaGPL |
| 041 0# - رمز اللغة | |
| رمز لغة النص/ المسارات الصوتية أو العنوان الانفرادي | fre |
| -- | eng |
| 042 ## - | |
| -- | pcc |
| -- | lcode |
| 043 ## - رمز المنطقة الجغرافية | |
| رمز المنطقة الجغرافية | f-ua--- |
| 082 40 - رقم تصنيف ديوى العشرى | |
| رقم الطبعة | 21 |
| رقم التصنيف | 630.1 |
| رقم المادة | CC/A A |
| 245 00 - بيان العنوان | |
| العنوان | Ayn Soukhna II : |
| بقية العنوان | les ateliers métallurgiques du moyen empire / |
| بيان المسئوليه,etc | Mahmoud Abd el-Raziq, Georges Castel, Pierre Tallet, Philippe Fluzin ; étude de la céramique: Virpi Perunka. |
| 246 31 - العنوان الموازى | |
| عنوان صحيح/عنوان مختصر | Ateliers métallurgiques du moyen empire |
| 300 ## - الوصف المادى | |
| التعداد | xi, 207 pages : |
| تفاصيل ماديه اخرى للوعاء | color illustrations, maps ; |
| أبعاد الوعاء | 33 cm. + |
| المادة المصاحبة | 1 CD Rom (12 cm.) |
| 490 1# - بيان السلسلة | |
| عنوان السلسلة | Fouilles de l'Ifao, |
| الرقم الدولى المعيارى للدوريات | 0768-4703 ; |
| رقم المجلد/ التعيين التسلسلي | 66 |
| 490 1# - بيان السلسلة | |
| عنوان السلسلة | IF ; |
| رقم المجلد/ التعيين التسلسلي | 1045 |
| 504 ## - تبصرة ببليوجرافية | |
| تبصرة ببليوجرافية,الخ | Includes bibliographical references (p. vii-xi) |
| 650 #0 - المدخل الاضافى بالموضوع-مصطلح موضوعى | |
| مصطلح موضوعي | Metallurgy |
| التقسيم الفرعي الجغرافي | Egypt |
| -- | ʻAyn Sukhnah. |
| 651 #0 - المدخل الاضافى بالموضوع - اسم جغرافى | |
| الاسم الجغرافي | ʻAyn Sukhnah (Egypt) |
| التقسيم الفرعي العام | Antiquities. |
| 700 1# - المدخل الاضافى - اسم شخصى | |
| الإسم الشخصى | Abd El-Raziq, Mahmud. |
| 700 1# - المدخل الاضافى - اسم شخصى | |
| الإسم الشخصى | Castel, Georges. |
| 700 1# - المدخل الاضافى - اسم شخصى | |
| الإسم الشخصى | Tallet, Pierre, |
| التواريخ المصاحبة للاسم | 1966- |
| 700 1# - المدخل الاضافى - اسم شخصى | |
| الإسم الشخصى | Fluzin, Philippe. |
| 942 ## - عناصر المدخل الإضافي( كوها) | |
| مصدر التصنيف او مخطط الترفيف | Dewey Decimal Classification |
| Koha [default] item type | كتاب |
| 264 #1 - | |
| -- | Le Caire : |
| -- | Institut franćais d'archéologie orientale, |
| -- | 2011. |
| 336 ## - | |
| -- | text |
| -- | txt |
| -- | rdacontent |
| 337 ## - | |
| -- | unmediated |
| -- | n |
| -- | rdamedia |
| 337 ## - | |
| -- | CD |
| -- | computer |
| -- | rdamedia |
| 338 ## - | |
| -- | volume |
| -- | nc |
| -- | rdacarrier |
| 338 ## - | |
| -- | CD |
| -- | computer disc |
| -- | rdacarrier |
| 830 #0 - المدخل الاضافى بالسلسلة -عنوان موحد | |
| عنوان موحد | Fouilles de l'Institut français d'archéologie orientale du Caire ; |
| رقم المجلد/ التعيين التسلسلي | 66. |
| 830 #0 - المدخل الاضافى بالسلسلة -عنوان موحد | |
| عنوان موحد | Publications de l'Institut français d'archéologie orientale du Caire ; |
| رقم المجلد/ التعيين التسلسلي | 1045. |
| حالة التراجع | حالة الفقد | مصدر التصنيف او خطة الترفيف | حالة تلف | ليس للاعارة | المكان المؤقت | الموقع الحالى | موقع الترفيف | تاريخ الاكتساب | اجمالي اﻻعارات | رقم الطلب | الباركود | تاريخ اخر مشاهدة | تاريخ تفعيل السعر | نوع وعاء كوها |
|---|---|---|---|---|---|---|---|---|---|---|---|---|---|---|
| ddc | مكتبة القاهرة الكبرى | مكتبة القاهرة الكبرى | 01/10/2017 | 630.1 CC/A A | 163147 | 01/10/2017 | 01/10/2017 | كتاب |

